Devinez la Capitale Mystère #37 - Statistiques

Statistiques générales
  • Ce quiz a été pris 170 fois
  • Le résultat moyen est 32 sur 39
Statistiques - réponses
Type de Réponse Réponse % Correct
Lettre Trouvée A
100%
Lettre de l'Alphabet E
100%
Lettre Trouvée O
100%
Lettre Trouvée R
100%
Lettre Trouvée I
99%
Lettre de l'Alphabet L
99%
Lettre Trouvée N
99%
Lettre de l'Alphabet S
99%
Lettre de l'Alphabet M
97%
Lettre de l'Alphabet P
97%
Lettre de l'Alphabet B
96%
Lettre de l'Alphabet D
96%
Lettre Trouvée T
95%
Lettre de l'Alphabet G
90%
Lettre de l'Alphabet C
89%
Lettre de l'Alphabet U
89%
Lettre de l'Alphabet H
87%
Lettre de l'Alphabet W
87%
Lettre de l'Alphabet K
85%
Lettre Bien Placée A
84%
Lettre Bien Placée A
80%
Lettre Trouvée V
79%
Lettre Bien Placée A
76%
Lettre de l'Alphabet Y
75%
Lettre Bien Placée N
73%
Lettre Bien Placée N
73%
Lettre de l'Alphabet X
70%
Lettre Bien Placée A
69%
Lettre de l'Alphabet Z
68%
Lettre de l'Alphabet J
67%
Lettre de l'Alphabet F
65%
Lettre Bien Placée R
65%
Lettre Bien Placée N
64%
Lettre Bien Placée T
64%
Lettre de l'Alphabet Q
62%
Lettre Bien Placée O
60%
Lettre Bien Placée I
58%
Capitale Mystère Antananarivo
57%
Lettre Bien Placée V
57%
Aucun quiz correspondant
Distribution des résultats
% des personnes avec chaque résultat
Percentile par nombre de réponses
Votre historique - résultats
Vous n’avez pas pris ce quiz